Elektromobilita v Slovenskej republike diplomová práca

Gespeichert in:
Bibliographische Detailangaben
1. Verfasser: Jancová, Lucia
Körperschaft: Obchodná fakulta EU. Katedra marketingu
Weitere Verfasser: Rehák, Róbert, 1984-
Format: Buch
Sprache:Slowakisch
Veröffentlicht: Bratislava 2021
Tags: Tag hinzufügen
Keine Tags, Fügen Sie das erste Tag hinzu!

MARC

LEADER 00000nbm a2200000 4500
001 0274371
005 20220131132745.5
041 0 |a slo 
044 |a SK 
245 1 0 |a Elektromobilita v Slovenskej republike  |b diplomová práca  |c Lucia Jancová ; školiteľ: Róbert Rehák 
264 1 |a Bratislava  |c 2021 
300 |a 82 s. 
100 1 |a Jancová, Lucia 
700 1 |a Rehák, Róbert, 1984- 
710 2 |a Obchodná fakulta EU. Katedra marketingu